Načítá se...
Equality /
| Hlavní autor: | |
|---|---|
| Médium: | Printed Book |
| Vydáno: |
London :
Macmillian press,
1971 p.
|
| Témata: |
| LEADER | 00451nam a22001457a 4500 | ||
|---|---|---|---|
| 020 | |a 333120027 | ||
| 082 | |a 323.4 |b REE.E | ||
| 100 | |a Rees, John. | ||
| 245 | |a Equality / |c by John Rees. | ||
| 260 | |a London : |b Macmillian press, |c 1971 p. | ||
| 300 | |a 152 p. | ||
| 650 | |a equality | ||
| 942 | |c BK | ||
| 999 | |c 302665 |d 302665 | ||
| 952 | |0 0 |1 0 |4 0 |6 323_400000000000000_REE_E |7 0 |8 NFIC |9 323158 |a POL |b POL |c GEN |d 2020-10-09 |l 0 |o 323.4 REE.E |p POL12176 |r 2020-10-09 |w 2020-10-09 |y BK | ||